000 00856nam a2200181Ia 4500
008 100921s9999 xx 000 0 und d
082 _b10327
_a294.592 थ 71
100 _aखैर गजानन श्रीपत.
245 _aगीताविकास समतोल जीवनाचे दर्शन.
260 _bपुणे विद्यार्थीगृह प्रकाशन,पुणे.
_c1971
300 _a248
_b---
365 _b5
520 _aधर्म-पवित्र ग्रंथ-व्यिक्त.
630 _aगीताविकास समतोल जीवनाचे दर्शन.
650 _aधर्म-पवित्र ग्रंथ-व्यिक्त.
730 _aगीताविकास समतोल जीवनाचे दर्शन.
942 _cBOOK
999 _c759440
_d759437